[Event "C.to Mondiale U20 femminile"]
[Site "Pune IND"]
[Date "2014.10.16"]
[Round "10"]
[White "Sviridova, Vlada"]
[Black "Brunello, Marina"]
[WhiteElo "2069"]
[BlackElo "2275"]
[Result "0-1"]
[PlyCount "84"]
[EventDate "2014.10.06"]

1. e4 c5 2. Nf3 d6 3. d4 cxd4 4. Nxd4 Nf6 5. Nc3 a6 6. Bg5 Nbd7 7. Bc4 e6 8. a4
Qb6 9. Nb3 Qc7 10. Be2 b6 11. O-O Bb7 12. f3 Be7 13. Qe1 O-O 14. Qg3 Rfe8 15.
Rfd1 Rac8 16. Rd2 Qb8 17. Rad1 Bd8 18. e5 Nxe5 19. Rxd6 Ng6 20. R6d2 Bc7 21.
Qh3 Nf4 22. Qh4 N6d5 23. Nxd5 Nxe2+ 24. Rxe2 Bxd5 25. Nd4 h6 26. Be3 Be5 27. b3
Bf6 28. Qg3 Qxg3 29. hxg3 Rc3 30. Kf2 Rec8 31. Rdd2 Bb7 32. g4 g6 33. g3 e5 34.
Nb5 axb5 35. axb5 Kg7 36. Rd6 Rxc2 37. Rxb6 Bd5 38. Bxh6+ Kxh6 39. Rxf6 Rxe2+
40. Kxe2 Be6 41. f4 Kg7 42. fxe5 Rc3 0-1

[Event "C.to Mondiale U20 femminile"]
[Site "Pune IND"]
[Date "2014.10.18"]
[Round "12"]
[White "Brunello, Marina"]
[Black "Pustovoitova, Daria"]
[WhiteElo "2275"]
[BlackElo "2354"]
[Result "1-0"]
[PlyCount "51"]
[EventDate "2014.10.06"]

1. e4 c5 2. Nf3 d6 3. d4 cxd4 4. Nxd4 Nf6 5. Nc3 a6 6. Be2 e6 7. O-O Be7 8. f4
O-O 9. Be3 Qc7 10. g4 d5 11. e5 Ne4 12. g5 Nxc3 13. bxc3 Qxc3 14. Bd3 Bc5 15.
Kh1 g6 16. Ne2 Qa5 17. Bxc5 Qxc5 18. Rf3 Bd7 19. Qe1 Bb5 20. Qh4 Bxd3 21. cxd3
Nd7 22. Rh3 Rfd8 23. Qxh7+ Kf8 24. f5 Ke7 25. d4 Qc2 26. f6+ 1-0

[Event "C.to Mondiale U20 femminile"]
[Site "Pune IND"]
[Date "2014.10.18"]
[Round "12"]
[White "Frayna, Janelle Mae"]
[Black "Gueci, Tea"]
[WhiteElo "2140"]
[BlackElo "2099"]
[Result "1-0"]
[PlyCount "113"]
[EventDate "2014.10.06"]

1. c4 e5 2. g3 Nf6 3. Bg2 c6 4. d4 exd4 5. Qxd4 d5 6. Nf3 Be6 7. cxd5 cxd5 8.
Nc3 Nc6 9. Qa4 Bc5 10. O-O O-O 11. Qb5 Qb6 12. Qxb6 axb6 13. Ng5 h6 14. Nxe6
fxe6 15. Bd2 Ng4 16. e3 Nge5 17. Nb5 Rf7 18. a3 d4 19. b4 dxe3 20. fxe3 Rd7 21.
bxc5 Rxd2 22. Nc7 Ra4 23. cxb6 Rb2 24. Rab1 Rxb1 25. Rxb1 Kf7 26. Rb3 Na5 27.
Rc3 Nec4 28. Bh3 Rxa3 29. Bxe6+ Ke7 30. Rxc4 Nxc4 31. Bxc4 Ra1+ 32. Kf2 Kd6 33.
Bd3 Kc6 34. Ne6 g5 35. Nd8+ Kxb6 36. Be4 Ra2+ 37. Kf3 Rxh2 38. Nxb7 Rd2 39. Kg4
Rd7 40. Kf5 g4 41. Ke6 Rd1 42. Nd6 Rg1 43. Nf5 Kc5 44. Kf6 Kc4 45. Kg6 Kc3 46.
Bd5 Kd3 47. e4 Re1 48. Kxh6 Ke2 49. Kg5 Kf3 50. e5+ Kf2 51. e6 Re5 52. Bb3 Rb5
53. e7 Re5 54. Kf6 Rxe7 55. Kxe7 Kg2 56. Kf6 Kh3 57. Kg5 1-0

[Event "C.to Mondiale U20 femminile"]
[Site "Pune IND"]
[Date "2014.10.19"]
[Round "13"]
[White "Gueci, Tea"]
[Black "Harshita, Guddanti"]
[WhiteElo "2099"]
[BlackElo "1925"]
[Result "1-0"]
[PlyCount "97"]
[EventDate "2014.10.06"]

1. Nf3 Nf6 2. c4 e6 3. g3 d5 4. b3 Be7 5. Bg2 O-O 6. O-O Ne4 7. Bb2 Bf6 8. Bxf6
Qxf6 9. Na3 c6 10. d4 Nd7 11. e3 Qe7 12. Nc2 b6 13. Re1 Ba6 14. a3 Rac8 15. Nb4
Bb7 16. Nd2 Ndf6 17. Nxe4 Nxe4 18. f3 Nf6 19. Nd3 dxc4 20. bxc4 c5 21. dxc5
bxc5 22. Rb1 e5 23. Nxe5 Be4 24. Nd3 Bg6 25. e4 Rfd8 26. Qe2 Qd7 27. Red1 Qd4+
28. Nf2 Qc3 29. Rd3 Qa5 30. Rbd1 Re8 31. Qd2 Qa4 32. Qc3 Rb8 33. Nh3 Nh5 34. g4
Nf6 35. Nf4 Re7 36. Nd5 Nxd5 37. Rxd5 h6 38. R1d3 Rb1+ 39. Kf2 Reb7 40. Rxc5
R7b3 41. Rc8+ Kh7 42. Rdd8 Bxe4 43. Qe5 R3b2+ 44. Kg3 Rxg2+ 45. Kxg2 Qc2+ 46.
Kh3 f5 47. Rh8+ Kg6 48. Qd6+ Kf7 49. Rcf8# 1-0

[Event "C.to Mondiale U20 femminile"]
[Site "Pune IND"]
[Date "2014.10.19"]
[Round "13"]
[White "Padmini, Rout"]
[Black "Brunello, Marina"]
[WhiteElo "2331"]
[BlackElo "2275"]
[Result "1-0"]
[PlyCount "75"]
[EventDate "2014.10.06"]

1. e4 c5 2. Nf3 d6 3. d4 cxd4 4. Nxd4 Nf6 5. Nc3 a6 6. Qf3 e6 7. g4 Nc6 8. Nxc6
bxc6 9. g5 Nd7 10. Bf4 Rb8 11. O-O-O Qb6 12. b3 Qc5 13. Kb2 a5 14. Na4 Qb4 15.
a3 Qb7 16. Bxd6 Bxd6 17. Rxd6 Qc7 18. Qg3 O-O 19. Bc4 Nb6 20. Nxb6 Qxb6 21.
Rhd1 Ba6 22. Bxa6 Qxa6 23. Qd3 Qb6 24. Rd2 Qc5 25. f4 g6 26. Qc3 Qxc3+ 27. Kxc3
e5 28. Rxc6 exf4 29. Rf2 Rb5 30. h4 Kg7 31. Rxf4 h6 32. gxh6+ Kxh6 33. Kc4 Re5
34. b4 axb4 35. axb4 Kh5 36. Rc5 Rfe8 37. Rxe5+ Rxe5 38. b5 1-0

[Event "FIDE Gran Prix"]
[Site "Tashkent UZB"]
[Date "2014.10.22"]
[Round "2"]
[White "Jobava, Baadur"]
[Black "Caruana, Fabiano"]
[WhiteElo "2717"]
[BlackElo "2844"]
[Result "1/2-1/2"]
[EventDate "2014.10.20"]

1. e4 e5 2. Nf3 Nc6 3. Be2 Nf6 4. d3 d5 5. Nbd2 Bc5 6. c3 a5 7. Qa4 O-O 8.
b4 Bd6 9. O-O b5 10. Qxb5 axb4 11. exd5 Na5 12. cxb4 Bd7 13. Qxa5 Rxa5 14.
bxa5 Nxd5 15. Ne4 Qa8 16. d4 exd4 17. Nxd6 cxd6 18. Nxd4 Qxa5 19. Bf3 Rb8
20. a4 Qc3 21. Ba3 Qxd4 22. Rad1 Qxa4 23. Bxd6 Rd8 24. Bxd5 Bg4 25. f3 Be6
26. Bxe6 fxe6 27. Rd2 e5 28. Rfd1 Qb5 29. h3 Kf7 30. Rd5 Qe2 31. Kh2 Qc4
32. Kh1 h5 33. Kg1 Qb3 34. R1d3 Qb6+ 35. Kh1 Qc6 36. Rd1 g5 37. R5d3 Qc4
38. Rd5 g4 39. fxg4 hxg4 40. hxg4 e4 41. Rf5+ Kg6 42. Rdd5 Rh8+ 43. Kg1
Qc1+ 44. Kf2 Ra8 45. Bc5 Ra6 46. Kg3 Qe1+ 47. Kh3 Qc3+ 48. Kh2 Qh8+ 49. Rh5
Qb8+ 50. Kh3 Qf4 51. Rdf5 Qc1 52. Bf8 Re6 53. Kh2 Qc7+ 54. g3 Qc2+ 55. Kh3
Qc1 56. Kg2 Re8 57. Rh6+ Qxh6 58. Bxh6 Kxh6 59. Kf2 e3+ 1/2-1/2

[Event "FIDE Gran Prix"]
[Site "Tashkent UZB"]
[Date "2014.10.23"]
[Round "3"]
[White "Caruana, Fabiano"]
[Black "Andreikin, Dmitry"]
[WhiteElo "2844"]
[BlackElo "2722"]
[Result "1/2-1/2"]
[EventDate "2014.10.20"]

1. e4 e5 2. Nf3 Nc6 3. Bb5 Nf6 4. O-O Nxe4 5. d4 Nd6 6. Bxc6 dxc6 7. dxe5
Nf5 8. Qxd8+ Kxd8 9. h3 Ke8 10. Nc3 h5 11. Bf4 Be7 12. Rad1 Be6 13. Ng5 Rh6
14. Rfe1 Bb4 15. Nge4 Rg6 16. Kh2 h4 17. g4 hxg3+ 18. fxg3 Ne7 19. a3 Bxc3
20. Nxc3 Nd5 21. Ne2 Ke7 22. g4 Rh8 23. Kg2 Nxf4+ 24. Nxf4 Rgh6 25. Nxe6
Kxe6 26. Rd3 a5 27. a4 b6 28. Re4 Re8 29. Red4 c5 30. Rf4 Rhh8 31. Kg3 Rd8
32. Rdf3 Rhf8 33. g5 Rd1 34. h4 Re1 35. Rf5 g6 36. Rf6+ Ke7 37. Rc6 Rc8 38.
Kf4 Kd7 39. Rf6 Ke7 40. b3 Rh8 41. Kg3 Rh7 42. Rc6 Kd7 43. Rcf6 Ke7 44. Rc6
Kd7 1/2-1/2

[Event "FIDE Gran Prix"]
[Site "Tashkent UZB"]
[Date "2014.10.24"]
[Round "4"]
[White "Giri, Anish"]
[Black "Caruana, Fabiano"]
[WhiteElo "2768"]
[BlackElo "2844"]
[Result "1/2-1/2"]
[EventDate "2014.10.20"]

1. d4 Nf6 2. c4 e6 3. Nf3 d5 4. Nc3 Be7 5. g3 Nbd7 6. Bg2 dxc4 7. Nd2 Nb6
8. Nxc4 O-O 9. Ne5 c5 10. dxc5 Qxd1+ 11. Nxd1 Bxc5 12. O-O Nfd5 13. b3 a5
14. a4 Bd6 15. Bb2 f6 16. Nd3 Bd7 17. Nc3 Nxc3 18. Bxc3 Nd5 19. Bd2 Bc6 20.
Rfc1 e5 21. Nb2 Bb4 22. Rd1 Nc3 23. Bxc3 Bxc3 24. Bxc6 bxc6 25. Rab1 Bxb2
26. Rxb2 Rab8 27. Rc1 Rb6 28. Rc5 Rfb8 29. Rxa5 Rxb3 30. Rc2 Rb2 31. Rxc6
R8b7 32. e3 Ra2 33. Rc1 h5 34. Rb5 1/2-1/2

[Event "FIDE Gran Prix"]
[Site "Tashkent UZB"]
[Date "2014.10.26"]
[Round "5"]
[White "Caruana, Fabiano"]
[Black "Mamedyarov, Shakhriyar"]
[WhiteElo "2844"]
[BlackElo "2764"]
[Result "1/2-1/2"]
[EventDate "2014.10.20"]

1. d4 d5 2. c4 c6 3. Nf3 Nf6 4. e3 Bg4 5. Nc3 e6 6. Qb3 Qb6 7. Nh4 Bh5 8.
h3 Qxb3 9. axb3 Na6 10. g4 Nb4 11. Ke2 g5 12. gxh5 gxh4 13. Bg2 Nxh5 14.
Bf3 Nf6 15. Bd2 Be7 16. Rhc1 Kd7 17. e4 dxe4 18. Bxe4 Nxe4 19. Nxe4 Na6 20.
Ra5 f5 21. Ng5 Bd8 22. Raa1 Bf6 23. Nf3 c5 24. Bc3 cxd4 25. Nxd4 Nc5 26.
Rd1 Ke7 27. Bb4 Rhc8 28. Nb5 a5 29. Rxa5 Rxa5 30. Bxa5 Bxb2 31. Bb4 Be5 32.
Na7 Rc7 33. Nb5 Rc8 34. Na7 Rc7 1/2-1/2

[Event "FIDE Gran Prix"]
[Site "Tashkent UZB"]
[Date "2014.10.27"]
[Round "6"]
[White "Nakamura, Hikaru"]
[Black "Caruana, Fabiano"]
[WhiteElo "2764"]
[BlackElo "2844"]
[Result "1/2-1/2"]
[EventDate "2014.10.20"]

1. d4 Nf6 2. c4 e6 3. Nc3 Bb4 4. Qc2 O-O 5. Nf3 c5 6. dxc5 Na6 7. Bd2 Nxc5
8. a3 Bxc3 9. Bxc3 Nce4 10. e3 Nxc3 11. Qxc3 b6 12. Be2 Ba6 13. Qb3 Rc8 14.
Qa4 Bb7 15. O-O Qc7 16. Nd4 a6 17. Rfd1 Rfd8 18. Qb4 Be4 19. Rac1 e5 20.
Nb3 d6 21. Qe1 Qb7 22. Qf1 Bc6 23. Nd2 Qe7 24. Rc3 a5 25. Rdc1 a4 26. Qd1
Ra8 27. Bf3 e4 28. Be2 Nd7 29. Qe1 Nc5 30. b4 axb3 31. Nxb3 Rxa3 32. Nd4
Rxc3 33. Qxc3 Bd7 34. Ra1 Rb8 35. Ra7 Qd8 36. Qa1 Rc8 37. h3 g6 38. Nb5
Bxb5 39. cxb5 h5 40. f4 exf3 41. Bxf3 Qg5 42. Qc3 Rd8 43. Qd4 d5 44. h4 Qf5
45. Ra1 Qd7 46. Qf6 Qe8 47. Kh1 Ne4 48. Bxe4 dxe4 49. Qxb6 Qe7 50. Kg1 Rd2
51. Qc6 Qxh4 52. Ra8+ Kh7 53. Rh8+ Kxh8 54. Qc3+ Kh7 55. Qxd2 Qg5 56. b6 h4
57. Qf2 Kg7 58. Qf4 Qb5 59. Qc7 h3 60. gxh3 Qb1+ 61. Kg2 Qb2+ 62. Kg3 Qf6
63. b7 Qf3+ 64. Kh2 Qf2+ 65. Kh1 1/2-1/2

[Event "FIDE Gran Prix"]
[Site "Tashkent UZB"]
[Date "2014.10.28"]
[Round "7"]
[White "Caruana, Fabiano"]
[Black "Gelfand, Boris"]
[WhiteElo "2844"]
[BlackElo "2748"]
[Result "1-0"]
[EventDate "2014.10.21"]

1. d4 Nf6 2. c4 e6 3. Nc3 Bb4 4. Qc2 d5 5. cxd5 exd5 6. Bg5 h6 7. Bxf6 Qxf6 8.
e3 O-O 9. a3 Bf5 10. Bd3 Bxc3+ 11. bxc3 Bxd3 12. Qxd3 c5 13. Ne2 Nd7 14. O-O Qc6
15. a4 Rfc8 16. Rfb1 Rc7 17. a5 Rac8 18. h3 Nf6 19. Ng3 Qe6 20. dxc5 Ne4 21.
Nxe4 dxe4 22. Qd6 Qf5 23. Ra4 Rxc5 24. Rxb7 Rxa5 25. Rxa5 Qxa5 26. Rxf7 Qxc3 27.
Rxa7 Kh8 28. Rf7 Re8 29. g4 Kh7 30. Qd7 Rb8 31. Qf5+ Kg8 32. Ra7 Qb2 33. Qxe4
Rf8 34. Qd5+ Kh7 35. Rf7 1-0

[Event "FIDE Gran Prix"]
[Site "Tashkent UZB"]
[Date "2014.10.29"]
[Round "8"]
[White "Caruana, Fabiano"]
[Black "Kasimdzhanov, Rustam"]
[WhiteElo "2844"]
[BlackElo "2706"]
[Result "1/2-1/2"]
[EventDate "2014.10.21"]

1. d4 d5 2. c4 dxc4 3. e3 Nf6 4. Bxc4 e6 5. Nf3 c5 6. O-O a6 7. dxc5 Qxd1 8.
Rxd1 Bxc5 9. Be2 Nbd7 10. Nbd2 b6 11. a3 Bb7 12. b4 Be7 13. Nc4 O-O 14. Bb2 Bd5
15. Nfe5 b5 16. Na5 Nxe5 17. Bxe5 Nd7 18. Bc7 Bf6 19. Rac1 Bb2 20. Rc2 Rfc8 21.
Nc6 Rxc7 22. Ne7+ Kf8 23. Rxc7 Kxe7 24. e4 Be5 25. Rxd7+ Kxd7 26. exd5 Rc8 27.
dxe6+ Kxe6 28. Bg4+ f5 29. Bf3 Rc3 30. Bb7 Rxa3 31. Bc8+ Kf6 32. g3 f4 33. gxf4
Bxf4 34. Rd5 g6 35. Rd7 h5 36. Ra7 Bd6 1/2-1/2

[Event "FIDE Gran Prix"]
[Site "Tashkent UZB"]
[Date "2014.10.31"]
[Round "9"]
[White "Radjabov, Teimour"]
[Black "Caruana, Fabiano"]
[WhiteElo "2726"]
[BlackElo "2844"]
[Result "1/2-1/2"]
[EventDate "2014.10.21"]

1. e4 e5 2. Nf3 Nc6 3. Bb5 Nf6 4. O-O Nxe4 5. d4 Nd6 6. Bxc6 dxc6 7. dxe5 Nf5 8.
Qxd8+ Kxd8 9. h3 Ke8 10. Nc3 h5 11. Bf4 Bb4 12. Ne4 Be6 13. c3 Be7 14. Rfe1 Rd8
15. Neg5 Bxg5 16. Nxg5 Ke7 17. Ne4 Rd5 18. Rad1 b6 19. b3 h4 20. c4 Rd4 21. g4
hxg3 22. fxg3 c5 23. h4 Rxd1 24. Rxd1 Nd4 25. Kf2 Bf5 26. Nc3 Ke6 27. Rd2 Rc8
28. Ne2 Nc6 29. Bg5 Bg4 30. Nf4+ Kxe5 31. Nd5 Ke4 32. Bf4 Ne5 33. Nc3+ Kf5 34.
Nd5 Ke4 35. Nc3+ Kf5 36. Nd5 1/2-1/2

[Event "FIDE Gran Prix"]
[Site "Tashkent UZB"]
[Date "2014.11.01"]
[Round "10"]
[White "Caruana, Fabiano"]
[Black "Karjakin, Sergey"]
[WhiteElo "2844"]
[BlackElo "2767"]
[Result "1/2-1/2"]
[EventDate "2014.10.21"]

1. Nf3 d5 2. g3 g6 3. Bg2 Bg7 4. d4 Nf6 5. c4 c6 6. cxd5 cxd5 7. Nc3 Ne4 8. Qb3
Nxc3 9. bxc3 O-O 10. Nd2 e6 11. e4 Nc6 12. O-O Na5 13. Qd1 b6 14. e5 Ba6 15. Re1
Rc8 16. Re3 Re8 17. h4 Re7 18. h5 Rec7 19. Bb2 Nc4 20. Nxc4 Bxc4 21. hxg6 hxg6
22. a4 b5 23. axb5 Rb7 24. Ba3 Rxb5 25. f4 a5 26. g4 Rcb8 27. Re1 Bf8 28. Bxf8
Kxf8 29. Qf3 Qh4 30. f5 gxf5 31. gxf5 Ke7 32. Rec1 exf5 33. Qxf5 Rb2 34. Rc2
Rxc2 35. Qxc2 Rh8 36. Qf5 Rh6 37. Rb1 Kf8 38. Qf3 a4 39. Rb7 f6 40. Rb8+ Kf7 41.
Rb7+ Kf8 1/2-1/2

[Event "FIDE Gran Prix"]
[Site "Tashkent UZB"]
[Date "2014.11.02"]
[Round "11"]
[White "Jakovenko, Dmitry"]
[Black "Caruana, Fabiano"]
[WhiteElo "2747"]
[BlackElo "2844"]
[Result "0-1"]
[EventDate "2014.10.21"]

1. Nf3 g6 2. e4 d6 3. c4 Bg4 4. d4 Bxf3 5. Qxf3 e5 6. d5 Nd7 7. Nc3 h5 8. Bd3
Ngf6 9. O-O h4 10. Bc2 Be7 11. Ba4 Kf8 12. b4 a5 13. bxa5 Rxa5 14. Bxd7 Qxd7 15.
a4 Kg7 16. Rb1 b6 17. Rb5 Ra6 18. Bd2 Nh7 19. Qe2 Bg5 20. Bxg5 Nxg5 21. h3 Qe7
22. Rbb1 Ra5 23. Qe3 Nh7 24. f4 Nf6 25. fxe5 dxe5 26. Rb5 Rha8 27. Qg5 Nxd5 28.
Qxe7 Nxe7 29. Rd1 Rxb5 30. cxb5 Kf8 31. Kf2 Ke8 32. Ke3 f5 33. Nd5 Rxa4 34.
Nxc7+ Kf7 35. exf5 Nxf5+ 36. Kf3 e4+ 37. Kf4 e3+ 38. Kf3 Ra2 39. Rf1 Rd2 40. Na8
Rd6 41. Ra1 Nd4+ 42. Ke4 e2 43. Re1 Nxb5 0-1

[Event "XIII Festival"]
[Site "Varese ITA"]
[Date "2014.10.16"]
[Round "1"]
[White "Angelini, Marco"]
[Black "Squillante, Michele"]
[WhiteElo "2219"]
[BlackElo "1715"]
[Result "1-0"]
[PlyCount "79"]
[EventDate "2014.10.13"]

1. c4 Nf6 2. g3 g6 3. Bg2 d6 4. Nc3 Bg7 5. Nf3 O-O 6. O-O Nc6 7. d3 Bg4 8. h3
Bd7 9. Bd2 Qc8 10. Kh2 e5 11. Rb1 a5 12. a3 Re8 13. e4 Nh5 14. Nd5 Ne7 15.
Nxe7+ Rxe7 16. Be3 f5 17. exf5 gxf5 18. Bg5 Nf6 19. Nd2 Rf7 20. f4 Ne8 21. Qh5
Bf6 22. fxe5 Bxe5 23. Nf3 Rg7 24. Nxe5 dxe5 25. Rbe1 c6 26. Rxe5 Be6 27. h4 Nd6
28. Rfe1 Rg6 29. Bh3 Qd7 30. c5 Nf7 31. Rxe6 Rxe6 32. Bxf5 Re2+ 33. Qxe2 Qxf5
34. Rf1 Qd5 35. Be7 Nh6 36. Bg5 Nf7 37. Bd2 Qd7 38. Bc3 Re8 39. Qf3 Qe6 40. Re1
1-0

[Event "XIII Festival"]
[Site "Varese ITA"]
[Date "2014.10.16"]
[Round "1"]
[White "Cagnotto, Marco"]
[Black "Tomassoni, Leonardo"]
[WhiteElo "1529"]
[BlackElo "1796"]
[Result "0-1"]
[PlyCount "80"]
[EventDate "2014.10.13"]

1. e4 c5 2. Nc3 Nc6 3. g3 Nf6 4. Bg2 d6 5. Nge2 e5 6. d3 Be7 7. O-O Bg4 8. h3
Be6 9. f4 exf4 10. Nxf4 O-O 11. Nxe6 fxe6 12. Bd2 Rb8 13. a4 a6 14. Ne2 e5 15.
Nc3 Nb4 16. Na2 Nxa2 17. Rxa2 Qe8 18. Bf3 Qg6 19. Kh2 Nd7 20. Ra1 Nf6 21. Qe2
Qe8 22. c3 b5 23. axb5 Qxb5 24. Bc1 a5 25. Qc2 Nxe4 26. c4 Qb3 27. Qxb3 Rxb3
28. dxe4 Rbxf3 29. Rxf3 Rxf3 30. Rxa5 Rf1 31. Ra1 Re1 32. b3 Rxe4 33. Ba3 Rd4
34. Rb1 Rd3 35. Kg2 Bf6 36. Rb2 Kf7 37. Kf2 e4 38. Rb1 Be5 39. Ke2 Rxg3 40.
Rf1+ Ke6 0-1

[Event "XIII Festival"]
[Site "Varese ITA"]
[Date "2014.10.11"]
[Round "1"]
[White "Maroni, Luca"]
[Black "Centofante, Maria Rosa"]
[WhiteElo "1802"]
[BlackElo "1543"]
[Result "1-0"]
[PlyCount "69"]
[EventDate "2014.10.13"]

1. b3 Nf6 2. Bb2 e6 3. e3 d5 4. c4 c6 5. Nf3 Nbd7 6. d4 Bb4+ 7. Nbd2 O-O 8. a3
Be7 9. Bd3 dxc4 10. Nxc4 h6 11. Rc1 Nd5 12. O-O N7f6 13. Bb1 Bd6 14. e4 Bf4 15.
exd5 Bxc1 16. Qxc1 cxd5 17. Nce5 Qb6 18. Qc2 Re8 19. Rc1 Qd6 20. Qc7 Qe7 21. a4
Nd7 22. Qc2 Nf6 23. Ng4 Ne4 24. Nfe5 f5 25. Ng6 Qf7 26. N4e5 Qf6 27. Qc7 Ng5
28. Ba3 Nh3+ 29. gxh3 Qg5+ 30. Kf1 Kh7 31. Qf7 Rg8 32. Nf8+ Rxf8 33. Qxf8 Qh4
34. Rc7 Qxh3+ 35. Kg1 1-0

[Event "XIII Festival"]
[Site "Varese ITA"]
[Date "2014.10.16"]
[Round "1"]
[White "Nipote, Mario"]
[Black "Colusso, Ermes"]
[WhiteElo "1523"]
[BlackElo "1751"]
[Result "0-1"]
[PlyCount "78"]
[EventDate "2014.10.13"]

1. Nf3 Nf6 2. g3 c5 3. Bg2 Nc6 4. c4 e6 5. Nc3 Be7 6. O-O O-O 7. b3 d6 8. e3
Bd7 9. Bb2 a6 10. d4 cxd4 11. Nxd4 Qc7 12. Re1 Rad8 13. Rc1 e5 14. Nxc6 bxc6
15. Qc2 Ne8 16. Ne4 f5 17. Nc3 Nf6 18. Na4 Ng4 19. h3 Nf6 20. c5 d5 21. Nb6 Be6
22. Red1 Nd7 23. Nxd7 Rxd7 24. b4 Bf6 25. Qe2 Qb7 26. a3 Qb5 27. Qxb5 axb5 28.
h4 Kf7 29. Ra1 Ra8 30. f3 e4 31. Bxf6 Kxf6 32. Kf2 Rda7 33. fxe4 fxe4 34. Rd4
Rxa3 35. Rad1 Ra2+ 36. R1d2 R8a3 37. Re2 Rxe2+ 38. Kxe2 Bg4+ 39. Kd2 Ra2+ 0-1

[Event "XIII Festival"]
[Site "Varese ITA"]
[Date "2014.10.16"]
[Round "1"]
[White "Rodolfo Masera, Giovanni Luca"]
[Black "Giovarruscio, Gabriele"]
[WhiteElo "1919"]
[BlackElo "1644"]
[Result "1-0"]
[PlyCount "41"]
[EventDate "2014.10.13"]

1. d4 Nf6 2. c4 e6 3. Nc3 Bb4 4. a3 Bxc3+ 5. bxc3 b6 6. Nf3 Bb7 7. Bg5 h6 8.
Bh4 O-O 9. e3 d6 10. Bd3 Nbd7 11. O-O Qe8 12. Qc2 Bxf3 13. gxf3 c5 14. Kh1 Rc8
15. Rg1 Nh5 16. Rg2 Ndf6 17. Rag1 g5 18. f4 g4 19. h3 g3 20. Rxg3+ Nxg3+ 21.
Rxg3+ 1-0

[Event "XIII Festival"]
[Site "Varese ITA"]
[Date "2014.10.16"]
[Round "1"]
[White "Ronconi, Fausto"]
[Black "Montilli, Vincenzo"]
[WhiteElo "1689"]
[BlackElo "2122"]
[Result "0-1"]
[PlyCount "101"]
[EventDate "2014.10.13"]

1. d4 Nf6 2. c4 c5 3. Nf3 cxd4 4. Nxd4 Nc6 5. e3 g6 6. Be2 Bg7 7. O-O O-O 8.
Nd2 d6 9. N2f3 Bd7 10. Bd2 Rc8 11. Rc1 Ne4 12. Rc2 Qb6 13. b3 Nxd4 14. exd4
Bxd4 15. Nxd4 Qxd4 16. Be3 Qxd1 17. Rxd1 b6 18. Bf3 Nf6 19. Bg5 Kg7 20. Re2 h6
21. Bc1 Ng8 22. Bb2+ Kh7 23. Bd5 Bc6 24. Re3 Bxd5 25. Rxd5 Rc5 26. Rd4 Rfc8 27.
Rf4 f5 28. g4 Rf8 29. Re6 g5 30. Rf3 f4 31. h4 gxh4 32. Rh3 Rg5 33. Rxh4 Rg6
34. Re4 e5 35. f3 Kg7 36. Ba3 h5 37. Re1 hxg4 38. Rxg4 Rxg4+ 39. fxg4 Rf6 40.
Rd1 Rg6 41. Rxd6 Rxg4+ 42. Kf2 e4 43. Bb2+ Kf7 44. Rd4 f3 45. Rd7+ Ke6 46. Rg7
Rxg7 47. Bxg7 Nf6 48. a3 Ng4+ 49. Kg3 f2 50. Kg2 e3 51. Bd4 0-1

[Event "XIII Festival"]
[Site "Varese ITA"]
[Date "2014.10.16"]
[Round "2"]
[White "Colusso, Ermes"]
[Black "Rodolfo Masera, Giovanni Luca"]
[WhiteElo "1751"]
[BlackElo "1919"]
[Result "0-1"]
[PlyCount "34"]
[EventDate "2014.10.13"]

1. e4 c5 2. Nf3 Nc6 3. d4 cxd4 4. Nxd4 g6 5. Nc3 Bg7 6. Be3 Nf6 7. f3 O-O 8.
Qd2 d5 9. exd5 Nxd5 10. Nxc6 bxc6 11. Nxd5 cxd5 12. O-O-O Rb8 13. c3 Qc7 14.
Qc2 Qa5 15. a3 Bd7 16. Qd3 Rfc8 17. Rd2 Bxc3 0-1

[Event "XIII Festival"]
[Site "Varese ITA"]
[Date "2014.10.16"]
[Round "2"]
[White "Lipari, Alberto"]
[Black "Cova, Ennio"]
[WhiteElo "1527"]
[BlackElo "1635"]
[Result "1-0"]
[PlyCount "71"]
[EventDate "2014.10.13"]

1. c4 Nf6 2. d4 d5 3. cxd5 Nxd5 4. e4 Nb6 5. Nc3 g6 6. Nf3 Bg7 7. Be3 O-O 8. a4
a6 9. a5 N6d7 10. Bc4 Nf6 11. h3 c5 12. Ne5 cxd4 13. Bxd4 Nc6 14. Nxc6 bxc6 15.
e5 Nd5 16. Qf3 Be6 17. O-O Nxc3 18. Qxc3 Qc8 19. f4 Bd5 20. Bc5 Qe6 21. Bxd5
cxd5 22. b4 Rac8 23. Rad1 Rfd8 24. Qd4 h5 25. Bb6 Rc4 26. Qd3 Rd7 27. Rc1 Rxb4
28. Qxa6 Rc4 29. Qa8+ Kh7 30. Rxc4 dxc4 31. Qe4 f6 32. Qc2 Rd3 33. Rc1 Bh6 34.
Qxc4 Rd1+ 35. Kh2 Bxf4+ 36. Qxf4 1-0

[Event "XIII Festival"]
[Site "Varese ITA"]
[Date "2014.10.16"]
[Round "2"]
[White "Montilli, Vincenzo"]
[Black "D'Aulisa, Francesco"]
[WhiteElo "2122"]
[BlackElo "1733"]
[Result "1-0"]
[PlyCount "97"]
[EventDate "2014.10.13"]

1. Nf3 d6 2. d4 e6 3. e4 h6 4. Nc3 a6 5. Bd3 Nd7 6. O-O Ne7 7. e5 d5 8. Ne2 b6
9. Ne1 c5 10. c3 Bb7 11. f4 g6 12. g4 h5 13. f5 gxf5 14. gxf5 Rg8+ 15. Kh1 Nxe5
16. fxe6 fxe6 17. dxe5 d4+ 18. Nf3 Ng6 19. Bxg6+ Rxg6 20. Nf4 Rh6 21. cxd4 cxd4
22. Qe2 Qh4 23. Kg1 Qd8 24. Qd3 Bc5 25. Nh3 Rh8 26. Nhg5 Qe7 27. Bd2 Rg8 28. h4
O-O-O 29. a3 Qd7 30. Rac1 Kb8 31. b4 Be7 32. Rc4 Bxf3 33. Rxf3 Qd5 34. Rf7 b5
35. Rc1 Rd7 36. Rcf1 Ka7 37. Qg3 Qa2 38. R1f2 Qb1+ 39. Kh2 Qd1 40. Qf3 Qc2 41.
Qxh5 Qc6 42. Qh7 Re8 43. Qe4 Qb6 44. Rh7 Rc8 45. Rff7 Rcc7 46. Nf3 Qb7 47.
Qxb7+ Rxb7 48. Bg5 d3 49. Rxe7 1-0

[Event "XIII Festival"]
[Site "Varese ITA"]
[Date "2014.10.16"]
[Round "2"]
[White "Nai, Giovanni"]
[Black "Mondini, Francesco"]
[WhiteElo "1826"]
[BlackElo "1561"]
[Result "1-0"]
[PlyCount "55"]
[EventDate "2014.10.13"]

1. e4 e5 2. Nf3 Nc6 3. Bb5 Nf6 4. O-O a6 5. Bxc6 dxc6 6. Nxe5 Bd6 7. Nf3 Be7 8.
e5 Nd5 9. d4 O-O 10. c3 Be6 11. Nbd2 b5 12. Ne4 h6 13. h3 Qd7 14. Nh2 f5 15.
exf6 Nxf6 16. Nxf6+ Bxf6 17. Be3 Rad8 18. b4 Bc4 19. Re1 Qf7 20. Qd2 Be5 21.
Ng4 Bf4 22. Bxf4 Qxf4 23. Qxf4 Rxf4 24. Re7 h5 25. Ne5 Bd5 26. a4 Rd6 27. axb5
Rdf6 28. f3 1-0

[Event "XIII Festival"]
[Site "Varese ITA"]
[Date "2014.10.11"]
[Round "2"]
[White "Schingaro, Angelo"]
[Black "Maroni, Luca"]
[WhiteElo "1721"]
[BlackElo "1802"]
[Result "0-1"]
[PlyCount "51"]
[EventDate "2014.10.13"]

1. e4 d5 2. exd5 Qxd5 3. Nc3 Qa5 4. g3 Nf6 5. Bg2 c6 6. Nge2 Bg4 7. h3 Bxe2 8.
Qxe2 e6 9. a3 Bd6 10. O-O O-O 11. Rb1 Nbd7 12. b4 Qc7 13. d3 Nd5 14. Bd2 Be5
15. Ne4 N7f6 16. Rb3 Nxe4 17. dxe4 Nb6 18. c4 Rfd8 19. c5 Na4 20. Rc1 Rd7 21.
Be3 Bd4 22. Qc2 Bxe3 23. Rxe3 b5 24. cxb6 Nxb6 25. Qxc6 Rd1+ 26. Re1 0-1

[Event "XIII Festival"]
[Site "Varese ITA"]
[Date "2014.10.16"]
[Round "2"]
[White "Squillante, Michele"]
[Black "Nipote, Mario"]
[WhiteElo "1715"]
[BlackElo "1523"]
[Result "0-1"]
[PlyCount "104"]
[EventDate "2014.10.13"]

1. d4 d5 2. Nf3 Nf6 3. Bg5 e6 4. Nbd2 c5 5. c3 Nc6 6. e3 cxd4 7. exd4 Be7 8.
Bd3 O-O 9. O-O h6 10. Bh4 Bd7 11. Ne5 Rc8 12. f4 Ne8 13. Bxe7 Nxe7 14. Ndf3 Nf6
15. Nxd7 Qxd7 16. Ne5 Qc7 17. f5 Qb6 18. Rb1 Nc6 19. Ng4 Nxg4 20. Qxg4 Ne5 21.
Qe2 Nxd3 22. Qxd3 e5 23. Rfd1 Rfe8 24. Qg3 exd4 25. Rxd4 Re4 26. Qd3 Rce8 27.
Kf1 Rxd4 28. Qxd4 Qxd4 29. cxd4 Re4 30. Rc1 Rxd4 31. Rc8+ Kh7 32. Rc7 Rf4+ 33.
Ke2 Rxf5 34. Rxb7 a5 35. b3 Kg6 36. Rb5 d4 37. a4 Kf6 38. Kd3 Rf2 39. Rxa5 Rxg2
40. Rd5 Rxh2 41. Rxd4 h5 42. a5 Ra2 43. Ra4 Rb2 44. Kc3 Re2 45. a6 Re8 46. Kc4
g5 47. Kb5 h4 48. a7 Ra8 49. Kb6 h3 50. Kb7 Rxa7+ 51. Kxa7 h2 52. Ra1 g4 0-1